Quizzes
Events
Quiz Creation
Community
Videos
Private Events
Remove Ads
Sign In
Join for FREE
Feedback
Dark Mode
Quiz Categories
Sports
Geography
Music
Movies
Television
Just For Fun
Miscellaneous
History
Literature
Language
Science
Gaming
Entertainment
Religion
Holiday
For Kids
Quiz Lab
Recent
Popular Today
Quiz Kudos Today
Editor Picks
Curator Picks
Quizzes by...
Day
Popularity
Type
Ratings
Length
Year
Community
Subscriptions
Recent Discussions
Orange Saloon
Badges
Playlists
Quests
Create
Leaderboards
Showdown
Live 5
Trivia Bingo
Activity
Puzzle Library
Sporcle Events
Private Events
Virtual Trivia
Globe League
Become a Host
Pub Owners
SporcleCon
Opinionation
Our Games
Videos
Blog
Mobile Apps
Partnerships
Remove Ads and Go Orange
Feedback
Language
Vocabulary
Begins and Ends
Definition
Spanish
French
German
Italian
Chinese
Latin
Translation
Japanese
Language
Vocabulary
Begins and Ends
Definition
Spanish
French
German
Italian
Chinese
Latin
Translation
Japanese
Random Quiz
Search Sporcle
×
Quiz Lab
Quiz Lab
Language
Clickable
Select answers by clicking on text or image buttons
Select answers by clicking on text or image buttons
Clickable
Best Score? Go Orange.
Spelling U4Benchmark Stats
Can you pick the Spelling U4Benchmark
By
MsCleveland
10m
20 Questions
10 Plays
10 Plays
10 Plays
Comments
Comments
Give Quiz Kudos
Give Quiz Kudos
-
- Ratings
hide this ad
Random Order
Randomize order of answers
Randomize order of answers
Replay
Link that replays current quiz
Next Quiz
Link to next quiz in quiz playlist
You Got
0%
They Got
Avg Score
90%
Avg Friend Score
Upgrade to see
Score Distribution
Jump to the score distribution portion of the page
Score
0/20
Timer
10:00
0
Plays Today
% Correct
poetry
100%
limerick
100%
dialogue
100%
photograph
100%
dismiss
100%
gratitude
100%
marina
100%
transportation
100%
haiku
90%
metaphor
90%
% Correct
rhythm
90%
astronaut
90%
astronomy
90%
telescope
90%
biography
90%
microscope
90%
rhyme
80%
telegraph
80%
cinquain
70%
acrostic
70%
Quiz Playlist
Details
Report
Send in Message
Add To Playlist
Clickable:
Select answers by clicking on text or image buttons
Random Order:
Randomize order of answers
Last Updated: Feb 16, 2017
Quiz Scoreboard
CHALLENGE
Sign Up to Join the Scoreboard
Show All
Scores
Hide
Comments
May contain spoilers
Recently Published
Movies - When Are They Set?
by FPL_Elf
Movies
5m
Popular People in 1961
by mucciniale
History
6m
1-10 Letter E Words III
by El_Dandy
Language
2m
More to Explore
Quiz From the Vault
Featured Blog Post
Where Did the Easter Bunny Come From?
hide this ad
You Might Also Like...
Tags
Clickable Quiz
Spelling
Today's Top Quizzes in Language
Browse Language
hide this ad
Today's Top Quizzes in Clickable
Browse Clickable
Top Contributed Quizzes in Language
1
Order Up: Top 10 Most Native Spoken Languages
2
1-10 Letter F Words III
3
1-10 Letter G Words III
4
1-10 Letter H Words III
5
1-10 Letter I Words III
6
One Thing in Common: Italy
7
1-10 Letter J Words III
8
Weisst du, aus welchen Sprachen diese Wörter stammen?
9
Hiragana Speed Reading
10
Begins and Ends With AN
Explore More
Trending Topics
Crossword
Marvel
NBA
Kpop
Anime
Disney
Harry Potter
The Office
NFL
Puzzle
Country
Song
WWE
Soccer
Pokémon
hide this ad
More By:
MsCleveland
Quiz
Plays
Rating
Category
Featured
Created
Spelling Week 9
230
2.60
Language
Oct 1, 2012
Spelling Week 1
128
1.33
Language
Aug 12, 2013
Spelling Week 3
81
3.20
Language
Aug 20, 2013
Spelling Week 13
61
2.00
Language
Oct 29, 2012
Spelling Week 12
54
1.50
Language
Oct 22, 2012
Go to Creator's Profile
Score Distribution
Quiz Creator Spotlight
MsCleveland
Follow
Send a Message
Quizzes Created
-
Created Quiz Play Count
-
More By This Creator
Popular Quizzes Today
1
Find the Countries of Europe - No Outlines Minefield
2
Find the US States - No Outlines Minefield
3
The Countries of the World
4
Popular People in 1961
5
1-10 Letter E Words III
6
US States
7
Find the US States
8
One Thing in Common: World Cities II
More Language Quizzes
3-Letter Palindromes
Published
Trending Quizzes
Risky Map Clicking: Least Populous States A-Z
Humor Books: The Subtitles
1-10 Letter F Words
1-10 Letter G Words
One Thing in Common: United Kingdom
Recently Updated
Leaping Animals
pecheneg
Reality TV Shows (A-Z)
bhenderson79
Rickey Henderson's Hall of Fame Teammates
pecheneg
Champions League XIs: Arsenal
pecheneg
Quick Pick: Celebrities in WWE's Hall of Fame
aduchscher
A-Z Keypad Blitz II
pecheneg
Multiple Oscar Actors
pecheneg
Mystery Phrase Blitz: Oscar 'Best Actors'
pecheneg
F. Scott Fitzgerald Novels
LTH
Pick 3 Villains
ddd62291
Trending Topics
Anime
Crossword
NBA
Kpop
Disney
Harry Potter
Marvel
NFL
Puzzle
Pokémon
Country
Song
The Office
WWE
Soccer
Your Account Isn't Verified!
In order to create a playlist on Sporcle, you need to verify the email address you used during registration. Go to your
Sporcle Settings
to finish the process.
Report this User
Report this user for behavior that violates our
Community Guidelines
.
Details:
Send Report
Go to the Sporcle.com Mobile Site →
Comments